00821nam a2200193 a 450000100100000000500170001000800410002702000180006804000250008608200160011111100840012724501150021126000670032630000210039349000630041450000680047770000190054583000630056400000242120200929150208.0090702s2007 sp 000 0 spa d a9788489384699 aDO-SdBNPbspacBNPHU axxxxbS612s2 aSimposio sobre Literatura Infantil y Lecturan(7th :d2001 :cMadrid, España)10aNuevos espacios para la lectura en el siglo XXI :b[II encuentro iberoamericano] /cCarmen Barvo ... [et al.]. aMadrid :bFundación Germán Sánchez Ruipérez,c[2007?]. a310 p. ;c23 cm.1 aPapeles de la Fundación Germán Sánchez Ruipérezv4 aIncluye referencias bibliográficas y notas a pie de páginas1 aBarvo, Carmen. 0aPapeles de la Fundación Germán Sánchez Ruipérezn4